Kto napisał daną książkę? - Statystyki

Ogólne statystyki
  • Ten quiz został rozwiązany 75 razy
  • Średni wynik to 7 z 15
Statystyki odpowiedzi
Tytuł Autor % Poprawnych
Quo vadis Henryk Sienkiewicz
93%
Harry Potter J.K. Rowling
93%
Władca Pierścieni J.R.R. Tolkien
89%
Wiedźmin Andrzej Sapkowski
80%
Bracia Karamazow Fiodor Dostojewski
62%
Wojna i pokój Lew Tołstoj
56%
Gra o tron George R.R. Martin
54%
Smętarz dla zwierzaków Stephen King
54%
Ojciec chrzestny Mario Puzo
52%
Cień wiatru Carlos Ruiz Zafón
30%
Ślepnąc od świateł Jakub Żulczyk
25%
Listy zza grobu Remigiusz Mróz
23%
Pokój na Ziemi Stanisław Lem
7%
Nie tylko husaria Radosław Sikora
5%
Cień bogów John Gwynne
3%
Nie znaleziono quizów pasujących do podanych kryteriów
Rozkład punktacji
Procent ludzi z każdym wynikiem
Percentyl według liczby udzielonych odpowiedzi
Twoja historia wyników
Nie rozwiązałeś tego quizu